000 005940000a22001930004500
001 14981
010 _a972-26-0502-X
090 _a14981
100 _a20050124d1999 m y0pory5003 ba
101 0 _apor
102 _aPT
200 1 _aMadame Bovary
_fGustave Flaubert
_gtrad. Daniel Augusto Gonçalves
210 _aPorto
_cCivilização
_d1999
215 _a379 p
675 _a821.133.1-31"18"
_vBN
_zpor
700 1 _aFlaubert
_bGustave
_f1821-1881
702 1 _922485
_4730
_aGonçalves
_bDaniel Augusto
942 _cMON
_n0
999 _a14981
_bBibliobase - BMTAV
_c2019-01-21